Hazbin Hotel - Ready For This - Statistics

General Stats
  • This quiz has been taken 7 times
  • The average score is 423 of 500
Answer Stats
Answer % Correct
a
100%
A
100%
all
100%
always
100%
an
100%
and
100%
And
100%
angels
100%
angel's
100%
are
100%
attack
100%
be
100%
Susan By
100%
by
100%
can
100%
can't
100%
could
100%
die
100%
Charlie Have
100%
do
100%
eat
100%
first
100%
For
100%
for
100%
have
100%
Have
100%
Hell
100%
her
100%
hop
100%
human
100%
I
100%
I'm
100%
in
100%
is
100%
it
100%
Rosie, Alastor & Cannibals It
100%
It's
100%
just
100%
knew
100%
lead
100%
life
100%
like
100%
Like
100%
lives
100%
me
100%
mean
100%
mind
100%
must
100%
my
100%
My
100%
need
100%
Now
100%
now
100%
of
100%
on
100%
our
100%
Our
100%
own
100%
people
100%
ready
100%
Ready
100%
right
100%
she
100%
side
100%
singing
100%
so
100%
So
100%
Alastor Surprised
100%
that
100%
That
100%
the
100%
they
100%
They're
100%
think
100%
this
100%
time
100%
to
100%
To
100%
us
100%
wanted
100%
was
100%
we
100%
We
100%
When
100%
Why
100%
will
100%
wings
100%
with
100%
With
100%
you
100%
Susan You
100%
your
100%
act
80%
along
80%
apart
80%
back
80%
buffet
80%
city
80%
clear
80%
come
80%
Come
80%
count
80%
dancing
80%
don't
80%
Rosie Don't
80%
down
80%
ever
80%
feel
80%
fight
80%
flesh
80%
food
80%
Cannibals Free
80%
friendships
80%
from
80%
From
80%
front
80%
grateful
80%
guide
80%
gut
80%
has
80%
Heaven
80%
hotel
80%
if
80%
into
80%
kinda
80%
know
80%
known
80%
leading
80%
little
80%
lord
80%
marshal
80%
might
80%
moment
80%
oh
80%
Charlie | Rosie Oh
80%
one
80%
only
80%
parade
80%
potential
80%
princess
80%
rumbling
80%
say
80%
see
80%
something
80%
song
80%
sort
80%
stand
80%
Rosie & Alastor Stick
80%
super
80%
taste
80%
their
80%
thing
80%
violent
80%
way
80%
We're
80%
we're
80%
willing
80%
winning
80%
won't
80%
Wouldn't
80%
you'll
80%
you're
80%
aboard
60%
Adam
60%
appear
60%
as
60%
battle
60%
boys
60%
brings
60%
charge
60%
concur
60%
daddy
60%
day
60%
defend
60%
destiny
60%
eager
60%
Charlie Eh
60%
en
60%
faced
60%
feast
60%
feeling
60%
felt
60%
filled
60%
folks
60%
follow
60%
forget!
60%
form
60%
Gotta
60%
hand
60%
heavenly
60%
here
60%
hey
60%
home
60%
I've
60%
Join
60%
join
60%
Keep
60%
leader
60%
lend
60%
madly
60%
Maybe
60%
mention
60%
more
60%
murdery
60%
needy
60%
pass
60%
picked
60%
postponed
60%
rip
60%
saddle
60%
save
60%
seem
60%
sharpen
60%
Alastor | Rosie & Alastor She's
60%
show
60%
snarling
60%
super-duper
60%
take
60%
teeth
60%
throne
60%
tone
60%
travel
60%
Charlie Uh
60%
unsteady
60%
up
60%
use
60%
wait
60%
We'll
60%
Charlie Well
60%
what
60%
who's
60%
worry
60%
although
40%
appetites
40%
billion
40%
biting
40%
bound
40%
camaraderie
40%
'Cause
40%
darling
40%
enthusiasm
40%
faces
40%
feed
40%
honey
40%
life-changing
40%
Lot
40%
move
40%
never
40%
Not
40%
off
40%
Charlie Okay
40%
power-fell
40%
put
40%
ravenous
40%
route
40%
seems
40%
seize
40%
siree
40%
start
40%
strike
40%
test
40%
Charlie That's
40%
that's
40%
finally
20%
guess
20%
permit
20%
resolute
20%
set
20%
sights
20%
whet
20%
Yes
20%
No matching quizzes found
Score Distribution
Percent of People with Each Score
Percentile by Number Answered
Your Score History
You have not taken this quiz